000 00225nam a22000857a 4500
008 161207b xxu||||| |||| 00| 0 eng d
100 _91923
_aMarshak.S
245 _aThe Tale of a Hero Nobody Knows
260 _aMoscow
_bProgress
_c1981
999 _c4688
_d4688